000 00244nam a2200097Ia 4500
001 657807
005 20250826154623.0
008 250824s9999 xx 000 0 und d
245 0 _aGelincik Diz/Şenlik Günü
_cGülten Dayıoğlu
260 _bALTIN
999 _c657807
_d657807